000 00541nam a2200181Ia 4500
008 090123s9999 xx 000 0 und d
082 _b38916
_a891.463/जोशी
100 _aजोशी श्रीकृष्ण
245 _aकाटशह
250 _a1
260 _bस्पर्श प्रकाशन
_c2005
300 _a162
600 _aजोशी श्रीकृष्ण
630 _aकाटशह
700 _aजोशी श्रीकृष्ण
730 _aकाटशह
942 _cBOOK
999 _c76985
_d76985